ბათუმის შოთა რუსთაველის სახელმწიფო უნივერსიტეტის ბიბლიოთეკა

თხზულებანი : სრული კრებული 5 ტომად. ტ.5 (ბიბ.ჩანაწერი № 48989)

000 -LEADER
fixed length control field 01400nam a2200229Ia 4500
001 - CONTROL NUMBER
control field 15894
003 - CONTROL NUMBER IDENTIFIER
control field GE_BSU
008 - FIXED-LENGTH DATA ELEMENTS--GENERAL INFORMATION
fixed length control field 181216s||||||||xx |||||||||||||| ||und||
040 ## - CATALOGING SOURCE
Transcribing agency GE_BSU
080 ## - UNIVERSAL DECIMAL CLASSIFICATION NUMBER
Universal Decimal Classification number 821.353.1 + 821.353.1-92 + 821.353.1-6
100 ## - MAIN ENTRY--PERSONAL NAME
Personal name ჭავჭავაძე, ი. (ილია, 1837-1907)
245 ## - TITLE STATEMENT
Title თხზულებანი : სრული კრებული 5 ტომად. ტ.5
245 ## - TITLE STATEMENT
Remainder of title წერილები ლიტერატურაზე და ხელოვნებაზე. საზოგადოებრივი ცხოვრების დღიური. სხვადასხვა თხზულებანი. ილიას მიმოწერა
245 ## - TITLE STATEMENT
Statement of responsibility, etc. შალვა რადიანის შესავ. წერილით
260 ## - PUBLICATION, DISTRIBUTION, ETC.
Place of publication, distribution, etc. თბილისი
260 ## - PUBLICATION, DISTRIBUTION, ETC.
Name of publisher, distributor, etc. საბჭ. საქართველო
260 ## - PUBLICATION, DISTRIBUTION, ETC.
Date of publication, distribution, etc. 1962
300 ## - PHYSICAL DESCRIPTION
Extent 782 გვ.26 სმ
653 ## - INDEX TERM--UNCONTROLLED
Uncontrolled term თხზულებანი : სრული კრებული
653 ## - INDEX TERM--UNCONTROLLED
Uncontrolled term წერილები ლიტერატურაზე და ხელოვნებაზე. საზოგადოებრივი ცხოვრების დღიური. სხვადასხვა თხზულებანი. ილიას მიმოწერა
942 ## - ADDED ENTRY ELEMENTS (KOHA)
Koha item type წიგნი
ეგზემპლარები
Withdrawn status Lost status Damaged status Not for loan Date acquired Barcode Date last seen Price effective from Koha item type
        2018-12-17 39087 2018-12-17 2018-12-17 წიგნი